=LDR 00000nam 2200000 4500 =001 NUTBA000000000000888 =005 20141118080809.0 =006 =007 =008 =020 ##$$a 978-60217308-2-9 =035 ##$$0010-041400000000158 =040 ##$$b Ind =082 ##$$a 613 =090 ##$$a 613$bRos b =100 ##$$a Rose Kusuma =245 ##$$a Berdamai dengan Alzheimer$cRose Kusuma =260 ##$$a Yogyakarta$bKahati$c2013. =300 ##$$a 153 hlm.$c21 cm. =650 ##$$a Kesehatan =850 ##$$a NBPNMAT =990 ##$$a 21304552 =990 ##$$a 92695/BPAP-NTB/2014 =990 ##$$a 0001/BPAP-NTB/2015 =990 ##$$a 0001/BPAP-NTB/2016